00610nam a2200121Ia 4500008004100000020001800041100003300059245013700092260002200229650017400251650002200425856004100447171212s9999 xx 000 0 und d a9781760460211 aRead, Peter;Wyndham, Marivic cRead, Peter;Wyndham, MarivicaNarrow But Endlessly DeepbThe struggle for memorialisation in Chile since the transition to democracy bANU E Pressc2016 aMemorialization -- Chile; Collective memory -- Chile; Chile -- Politics and government -- 1973-1988; Chile -- Politics and government -- 1988-; Chile -- History -- 1988- aPolitical Science uhttp://jstor.org/stable/j.ctt1dgn5w0